000 00501nam a2200217Ia 4500
008 210210b1962 xxu||||| |||| 00| 0 eng d
041 _aeng
082 _a580/126
100 _aGWYNE (Vaughan)
245 _aStructure and development of the fungi
260 _aCambridge
_bAt the University Press
_c1962
650 _athe
650 _aStructure
650 _aof
650 _afungi
650 _adevelopment
650 _aand
690 _aBotany
700 _aBARNES
906 _a010387
999 _c138155
_d138155